<?xml version="1.0" encoding="UTF-8"?>
<record
    xmlns:xsi="http://www.w3.org/2001/XMLSchema-instance"
    xsi:schemaLocation="http://www.loc.gov/MARC21/slim http://www.loc.gov/standards/marcxml/schema/MARC21slim.xsd"
    xmlns="http://www.loc.gov/MARC21/slim">

  <leader>01122nam a22002537a 4500</leader>
  <controlfield tag="003">OSt</controlfield>
  <controlfield tag="005">20250611073818.0</controlfield>
  <controlfield tag="008">210218b 2020 dr a  00| 0 eng d</controlfield>
  <datafield tag="020" ind1=" " ind2=" ">
    <subfield code="a">9789945591866</subfield>
  </datafield>
  <datafield tag="040" ind1=" " ind2=" ">
    <subfield code="a">DO-SdBNP</subfield>
    <subfield code="b">spa</subfield>
    <subfield code="c">BNPHU</subfield>
  </datafield>
  <datafield tag="082" ind1=" " ind2="4">
    <subfield code="a">362.11097293</subfield>
    <subfield code="b"> R426g</subfield>
    <subfield code="2">22</subfield>
  </datafield>
  <datafield tag="110" ind1="1" ind2=" ">
    <subfield code="a">Rep&#xFA;blica Dominicana.</subfield>
    <subfield code="b">Ministerio de Salud P&#xFA;blica</subfield>
    <subfield code="9">80830</subfield>
  </datafield>
  <datafield tag="245" ind1="1" ind2="0">
    <subfield code="a">Gu&#xED;a de limpieza y desinfecci&#xF3;n de superficies hospitalarias  : </subfield>
    <subfield code="b">medidas b&#xE1;sicas de higiene para el control de las Infecciones Asociadas a la Atenci&#xF3;n en Salud en  establecimientos de salud p&#xFA;blicos y privados /</subfield>
    <subfield code="c">cuidado de la edici&#xF3;n: Dra. Francini Placencia Lic. Dayanara Lara.</subfield>
  </datafield>
  <datafield tag="260" ind1=" " ind2=" ">
    <subfield code="a">Santo Domingo : </subfield>
    <subfield code="b">Ministerio de Salud P&#xFA;blica, </subfield>
    <subfield code="c">2020.</subfield>
  </datafield>
  <datafield tag="300" ind1=" " ind2=" ">
    <subfield code="a">59 p. ;</subfield>
    <subfield code="b">il. ; </subfield>
    <subfield code="c">26 cm. </subfield>
  </datafield>
  <datafield tag="504" ind1=" " ind2=" ">
    <subfield code="a">Bibliograf&#xED;a : p. 59</subfield>
  </datafield>
  <datafield tag="590" ind1=" " ind2=" ">
    <subfield code="a">Inventariado, 2021 /LP
</subfield>
  </datafield>
  <datafield tag="650" ind1=" " ind2="7">
    <subfield code="a">Hospitales </subfield>
    <subfield code="9">76843</subfield>
    <subfield code="2">LEMB</subfield>
    <subfield code="z">Rep&#xFA;blica Dominicana </subfield>
  </datafield>
  <datafield tag="650" ind1=" " ind2="7">
    <subfield code="a">Edificios sanitarios</subfield>
    <subfield code="x">Saneamiento</subfield>
    <subfield code="9">87148</subfield>
  </datafield>
  <datafield tag="700" ind1="1" ind2=" ">
    <subfield code="a">Placencia, Francini,</subfield>
    <subfield code="e">edici&#xF3;n</subfield>
    <subfield code="9">77840</subfield>
  </datafield>
  <datafield tag="700" ind1="1" ind2=" ">
    <subfield code="a">Lara,  Dayanara,</subfield>
    <subfield code="e">edici&#xF3;n</subfield>
    <subfield code="9">77841</subfield>
  </datafield>
  <datafield tag="910" ind1=" " ind2=" ">
    <subfield code="a">Validado. Control de calidad MFF</subfield>
  </datafield>
  <datafield tag="942" ind1=" " ind2=" ">
    <subfield code="2">ddc</subfield>
    <subfield code="c">LBS1</subfield>
  </datafield>
  <datafield tag="952" ind1=" " ind2=" ">
    <subfield code="0">0</subfield>
    <subfield code="1">0</subfield>
    <subfield code="2">ddc</subfield>
    <subfield code="5">1</subfield>
    <subfield code="7">1</subfield>
    <subfield code="8">MO</subfield>
    <subfield code="a">BNPHU</subfield>
    <subfield code="b">PD</subfield>
    <subfield code="c">HD</subfield>
    <subfield code="d">2021-02-18</subfield>
    <subfield code="e">Ministerio de Salud P&#xFA;blica</subfield>
    <subfield code="l">0</subfield>
    <subfield code="o">BNPHU PD 362.1097293  R426g</subfield>
    <subfield code="p">2021-0280</subfield>
    <subfield code="r">2021-02-18</subfield>
    <subfield code="w">2021-02-18</subfield>
    <subfield code="y">LBS1</subfield>
  </datafield>
  <datafield tag="952" ind1=" " ind2=" ">
    <subfield code="0">0</subfield>
    <subfield code="1">0</subfield>
    <subfield code="2">ddc</subfield>
    <subfield code="5">1</subfield>
    <subfield code="7">2</subfield>
    <subfield code="8">MO</subfield>
    <subfield code="a">BNPHU</subfield>
    <subfield code="b">PD</subfield>
    <subfield code="c">HD</subfield>
    <subfield code="d">2021-02-18</subfield>
    <subfield code="e">Ministerio de Salud P&#xFA;blica</subfield>
    <subfield code="l">0</subfield>
    <subfield code="o">BNPHU PD 362.1097293  R426g</subfield>
    <subfield code="p">2021-0282</subfield>
    <subfield code="r">2021-02-18</subfield>
    <subfield code="t">e. 2</subfield>
    <subfield code="w">2021-02-18</subfield>
    <subfield code="y">LBS1</subfield>
  </datafield>
  <datafield tag="952" ind1=" " ind2=" ">
    <subfield code="0">0</subfield>
    <subfield code="1">0</subfield>
    <subfield code="2">ddc</subfield>
    <subfield code="5">6</subfield>
    <subfield code="7">0</subfield>
    <subfield code="8">MO</subfield>
    <subfield code="a">BNPHU</subfield>
    <subfield code="b">GR</subfield>
    <subfield code="c">HD</subfield>
    <subfield code="d">2021-02-18</subfield>
    <subfield code="e">Ministerio de Salud P&#xFA;blica</subfield>
    <subfield code="l">0</subfield>
    <subfield code="o">BNPHU DS 362.1097293 R426g</subfield>
    <subfield code="p">2021-0283</subfield>
    <subfield code="r">2021-02-18</subfield>
    <subfield code="t">e. 3</subfield>
    <subfield code="w">2021-02-18</subfield>
    <subfield code="y">LBS1</subfield>
  </datafield>
  <datafield tag="999" ind1=" " ind2=" ">
    <subfield code="c">49406</subfield>
    <subfield code="d">49406</subfield>
  </datafield>
</record>
